<?xml version="1.0" encoding="UTF-8"?>
<record
    xmlns:xsi="http://www.w3.org/2001/XMLSchema-instance"
    xsi:schemaLocation="http://www.loc.gov/MARC21/slim http://www.loc.gov/standards/marcxml/schema/MARC21slim.xsd"
    xmlns="http://www.loc.gov/MARC21/slim">

  <leader>01075nam a2200289 a 4500</leader>
  <controlfield tag="001">BRL_1668</controlfield>
  <controlfield tag="005">20190320211320.0</controlfield>
  <controlfield tag="008">230414s1989----mx-a######---#000-0#spa-#</controlfield>
  <datafield tag="020" ind1=" " ind2=" ">
    <subfield code="a">9688341436</subfield>
  </datafield>
  <datafield tag="041" ind1=" " ind2=" ">
    <subfield code="a">spa</subfield>
  </datafield>
  <datafield tag="044" ind1=" " ind2=" ">
    <subfield code="a">mx</subfield>
  </datafield>
  <datafield tag="050" ind1=" " ind2="4">
    <subfield code="a">HF3240.V4</subfield>
    <subfield code="b">.L47 1989</subfield>
  </datafield>
  <datafield tag="100" ind1="1" ind2=" ">
    <subfield code="a">Lerdo de Tejada, Juan Antonio</subfield>
    <subfield code="9">27581</subfield>
  </datafield>
  <datafield tag="245" ind1="1" ind2="0">
    <subfield code="a">Cartas a un comerciante espa&#xF1;ol, 1811-1817</subfield>
    <subfield code="c">Juan Antonio Lerdo de Tejada ; pr&#xF3;logo y notas Carmen Bl&#xE1;zquez Dom&#xED;nguez.</subfield>
  </datafield>
  <datafield tag="260" ind1=" " ind2=" ">
    <subfield code="a">Xalapa, Ver.</subfield>
    <subfield code="b">Universidad Veracruzana, Instituto Veracruzano de Cultura</subfield>
    <subfield code="c">1989</subfield>
  </datafield>
  <datafield tag="300" ind1=" " ind2=" ">
    <subfield code="a">189 p.</subfield>
    <subfield code="b">il.</subfield>
    <subfield code="c">21 cm.</subfield>
  </datafield>
  <datafield tag="440" ind1=" " ind2="0">
    <subfield code="a">Colecci&#xF3;n rescate</subfield>
    <subfield code="v">31</subfield>
    <subfield code="9">27582</subfield>
  </datafield>
  <datafield tag="500" ind1=" " ind2=" ">
    <subfield code="a">Au1875</subfield>
  </datafield>
  <datafield tag="500" ind1=" " ind2=" ">
    <subfield code="a">Incluye lista de comerciantes y glosario</subfield>
  </datafield>
  <datafield tag="600" ind1="1" ind2="4">
    <subfield code="a">Lerdo de Tejada, Juan Antonio</subfield>
    <subfield code="x">Correspondencia</subfield>
    <subfield code="9">27583</subfield>
  </datafield>
  <datafield tag="600" ind1="1" ind2="4">
    <subfield code="a">Urquiaga, Manuel de</subfield>
    <subfield code="x">Correspondencia</subfield>
    <subfield code="9">27584</subfield>
  </datafield>
  <datafield tag="650" ind1="1" ind2="4">
    <subfield code="a">Comerciantes</subfield>
    <subfield code="x">Correspondencia</subfield>
    <subfield code="z">Veracruz (Estado)</subfield>
    <subfield code="9">27585</subfield>
  </datafield>
  <datafield tag="651" ind1=" " ind2="4">
    <subfield code="a">Veracruz (Estado)</subfield>
    <subfield code="x">Comercio</subfield>
    <subfield code="y">Siglo XIX</subfield>
    <subfield code="9">27586</subfield>
  </datafield>
  <datafield tag="700" ind1="1" ind2=" ">
    <subfield code="a">Dom&#xED;nguez Bl&#xE1;zquez, Carmen</subfield>
    <subfield code="e">pr&#xF3;l.</subfield>
    <subfield code="9">27587</subfield>
  </datafield>
  <datafield tag="902" ind1=" " ind2=" ">
    <subfield code="a">GRL</subfield>
  </datafield>
  <datafield tag="942" ind1=" " ind2=" ">
    <subfield code="2">lcc</subfield>
    <subfield code="c">B</subfield>
  </datafield>
  <datafield tag="999" ind1=" " ind2=" ">
    <subfield code="c">10477</subfield>
    <subfield code="d">10477</subfield>
  </datafield>
  <datafield tag="952" ind1=" " ind2=" ">
    <subfield code="0">0</subfield>
    <subfield code="1">0</subfield>
    <subfield code="4">0</subfield>
    <subfield code="7">0</subfield>
    <subfield code="a">BRL</subfield>
    <subfield code="b">BRL</subfield>
    <subfield code="d">2014-04-23</subfield>
    <subfield code="i">Au1875</subfield>
    <subfield code="l">0</subfield>
    <subfield code="o">HF3240.V4 .L47 1989 (Au1875)</subfield>
    <subfield code="p">GRL01838</subfield>
    <subfield code="r">2019-03-22 00:00:00</subfield>
    <subfield code="w">2019-03-22</subfield>
    <subfield code="y">B</subfield>
  </datafield>
</record>
